000 00649nam a2200169Ia 4500
999 _c2709
_d2709
003 DO-SdBJH
005 20180416225022.0
008 180414s9999 dr 000 0 spa d
040 _aDO-SdBJH
_bspa
_cDO-SdBJH
090 _aDM I-100 2006
110 _aInstituto de Cooperación para la Seguridad Hemisférica
245 1 0 _aI 100: Introducción a las operaciones de estabilización / Instituto de Cooperación para la Seguridad Hemisférica
260 _aFuerte Benning, Georgia : Cuartel General Secretaría del Ejército, 2006
300 _aii, 126 páginas en varias paginaciones
650 4 _aOperaciones -- Estabilización
942 _2ddc
_cBK